00424pam a2200157 a 4500020000500000040002500005041001300030082001600043100002600059245007800085260003100163300001200194365001200206653002800218700002000246 c aMedical College Lib. aENGhENG a617.51bYEA aPaparella , M. N . . aYear Book of Otolaryngology Head And Neck Surgery / chTextual Documents a : bMosby Inc. , c1993. a79 ; c a2275=00 aE.N.T.aMedical Science aYear Book , .